Characteristics of discrete and basin-centered parts of the Lower Silurian regional oil and gas accumulation, Appalachian basin : preliminary results from a data set of 25 oil and gas fields /

Bibliographic Details
Main Author: Ryder, Robert T.
Corporate Author: Geological Survey (U.S.)
Format: Government Document Microform Book
Language:English
Published: [Reston, Va.] : U.S. Dept. of the Interior, U.S. Geological Survey, [1998]
Series:U.S. Geological Survey open-file report ; 98-216.
Subjects:
Online Access:List of USGS open-file reports by year from which a link may be made to the title desired

MARC

Tag First Indicator Second Indicator Subfields
LEADER 00000cam a2200000 a 4500
001 in00000003276
005 20151007051110.0
007 he bmb024bbca
008 990525s1998 vauab bb f000 0 eng d
035 |a (OCoLC)41430746 
035 |9 AJG4762AM 
040 |a GPO  |c GPO  |d DLC  |d MvI  |d UtOrBLW 
043 |a n-us--- 
049 |a UDOC 
049 |a WWW 
074 |a 0624-H (MF) 
074 |a 0624-H (online) 
086 0 |a I 19.76:98-216 
100 1 |a Ryder, Robert T. 
245 1 0 |a Characteristics of discrete and basin-centered parts of the Lower Silurian regional oil and gas accumulation, Appalachian basin :  |b preliminary results from a data set of 25 oil and gas fields /  |c Robert T. Ryder. 
246 2 |a Characteristics of discrete and basin centered parts of the Lower Silurian regional oil and gas accumulation, Appalachian basin 
264 1 |a [Reston, Va.] :  |b U.S. Dept. of the Interior, U.S. Geological Survey,  |c [1998] 
300 |a iv, 71 leaves :  |b illustrations (some color), maps (some color) ;  |c 28 cm. 
336 |a text  |b txt  |2 rdacontent 
337 |a microform  |b h  |2 rdamedia 
338 |a microfiche  |b he  |2 rdacarrier 
490 1 |a Open file report ;  |v 98-216 
500 |a Imprint from transmittal sheet. 
500 |a Shipping list number: 99-0388-M. 
504 |a Includes bibliographical references (leaves 36-46). 
533 |a Microfiche.  |b [Denver, Colo. :  |c U.S. Geological Survey,  |d 1998?]  |e 1 microfiche : negative.  |n Microfiche reproduction lacks transmittal sheet. 
530 |a Also available via Internet from the USGS web site. Address as of 5/21/99: http://energy.er.usgs.gov/products/openfile/OFR98-216/; current access is available via PURL. 
500 |a Microform. 
650 0 |a Petroleum  |x Geology  |z Appalachian Basin. 
650 0 |a Natural gas  |x Geology  |z Appalachian Basin. 
650 0 |a Geology, Stratigraphic  |y Silurian. 
710 2 |a Geological Survey (U.S.) 
830 0 |a U.S. Geological Survey open-file report ;  |v 98-216. 
856 4 2 |u http://pubs.usgs.gov/products/books/openfile//  |z List of USGS open-file reports by year from which a link may be made to the title desired  |t 0 
999 |a MARS 
999 f f |s f8bdf283-a148-3a1b-a7de-05ea6a5fe432  |i 865896ae-2141-36e1-9ef8-28e89584c391  |t 0 
952 f f |p normal  |a Texas A&M University  |b College Station  |c Sterling C. Evans Library  |d Evans: US Documents Microfiche (3rd floor)  |t 0  |e I 19.76:98-216  |h Superintendent of Documents classification  |i microform -- microfiche  |m A14824489142 
952 f f |a Texas A&M University  |b College Station  |c Electronic Resources  |d Available Online  |t 0  |e I 19.76:98-216  |h Superintendent of Documents classification 
998 f f |a I 19.76:98-216  |t 0  |l Evans: US Documents Microfiche (3rd floor) 
998 f f |a I 19.76:98-216  |t 0  |l Available Online